Biblioteca

Divorciados vueltos a casar / P. Clemente Sobrado (Registro nro. 32626)

Detalles MARC
000 -LÍDER
Campo fijo de descripción fija 008880000a22001930004500
041 0# - CÓDIGO DE IDIOMA
Código de idioma para texto/pista de sonido o título separado
082 04 - NÚMERO DE CLASIFICACIÓN DECIMAL DEWEY
Número de clasificación G 173.1 S6778d
001 - NÚMERO DE CONTROL
Campo de control 1303
100 1# - ASIENTO PRINCIPAL--NOMBRE PERSONAL
Nombre personal Sobrado, P. Clemente
245 10 - TÍTULO
Título del Material Divorciados vueltos a casar / P. Clemente Sobrado
260 ## - PUBLICACIÓN, DISTRIBUCIÓN, ETC. (PIE DE IMPRENTA)
Lugar de publicación, distribución, etc. Lima, Perú : Unidas
300 ## - DESCRIPCIÓN FÍSICA
Extensión 204 Pag.
336 ## - CONTENT TYPE
Content type term texto
Content type code txt
Source rdacontent
337 ## - MEDIA TYPE
Source rdamedia
Media type term sin mediación
Media type code n
338 ## - CARRIER TYPE
Source rdacarrier
Carrier type term volumen
Carrier type code nc
505 00 - NOTA DE CONTENIDO
Nota de contenido con formato preestablecido carta de presentación -- la familia electrocutada ...? -- la familia incompleta por dentro -- los convivientes -- los casados sólo por lo civil -- los separados -- los divorciados no vueltos a casar -- los divorciados vueltos a casar -- líneas de atención pastoral a los divorciados vueltos a casar -- divorciados vueltos a casar y vida sacramental -- vivir en la gozosa esperanza
650 14 - ASIENTO SECUNDARIO DE MATERIA - TERMINO TEMÁTICO
Término temático o nombre geográfico como elemento de entrada DIVORCIO \ MATRIMONIO - IGLESIA CATOLICA
942 ## - TIPO DE MATERIAL (KOHA)
Tipo de Item KOHA Libros General
Existencias
Estado de Material Estado de Perdido Estado de Dañado No para Préstamo Colección Tomo Biblioteca de Origen Biblioteca Permanente Fecha de Adquisición Total de Préstamos Signatura Topográfica Código de Barras Última vez visto Última vez Préstado Ejemplar/Existencia Fecha de Remplazo Tipo de Material
        Colección General   Biblioteca FUSBC Biblioteca FUSBC 13/10/2004 2 G 173.1 S6778d 761 15/10/2024 02/10/2024 1 26/01/2016 Libros General

Biblioteca FUSBC | Teléfono: (57+4) 349 88 10 Ext. 141| WhatsApp (+57) 3005338115 
E-mail: biblioteca@unisbc.edu.co | Calle 76 87-14 Robledo Palenque, Medellín, Colombia

Con tecnología Koha